Pokémon from Kanto (#001 - #073) - Picture Quiz - Statistics

General Stats
  • This quiz has been taken 56 times
  • The average score is 51 of 73
Answer Stats
# Sprite Typing Answer % Correct
004 Charmander
98%
007 Squirtle
98%
009 Blastoise
96%
001 Bulbasaur
96%
006 Charizard
96%
010 Caterpie
93%
005 Charmeleon
93%
025 Pikachu
89%
011 Metapod
87%
016 Pidgey
87%
026 Raichu
87%
003 Venusaur
87%
002 Ivysaur
85%
014 Kakuna
85%
019 Rattata
85%
015 Beedrill
83%
018 Pidgeot
83%
013 Weedle
83%
012 Butterfree
80%
023 Ekans
80%
008 Wartortle
80%
052 Meowth
78%
017 Pidgeotto
78%
054 Psyduck
78%
020 Raticate
78%
037 Vulpix
78%
063 Abra
76%
034 Nidoking
76%
039 Jigglypuff
74%
031 Nidoqueen
74%
043 Oddish
74%
053 Persian
74%
021 Spearow
74%
065 Alakazam
72%
064 Kadabra
72%
027 Sandshrew
72%
046 Paras
70%
028 Sandslash
70%
041 Zubat
70%
024 Arbok
67%
050 Diglett
67%
051 Dugtrio
67%
068 Machamp
67%
067 Machoke
67%
056 Mankey
67%
022 Fearow
65%
058 Growlithe
65%
030 Nidorina
65%
059 Arcanine
63%
044 Gloom
63%
055 Golduck
63%
066 Machop
63%
038 Ninetales
63%
062 Poliwrath
63%
036 Clefable
61%
035 Clefairy
61%
033 Nidorino
61%
042 Golbat
59%
060 Poliwag
59%
061 Poliwhirl
59%
069 Bellsprout
57%
057 Primeape
57%
072 Tentacool
57%
040 Wigglytuff
57%
047 Parasect
54%
073 Tentacruel
54%
048 Venonat
54%
049 Venomoth
50%
071 Victreebel
48%
045 Vileplume
46%
070 Weepinbell
41%
029 Nidoran♀
20%
032 Nidoran♂
20%
No matching quizzes found
Score Distribution
Percent of People with Each Score
Percentile by Number Answered
Your Score History
You have not taken this quiz